Republiková rada DÚ v Rožňave

Bibliographic Details
Main Author: (čoj) (Author)
Format: Article
Language:Slovak
Subjects:

MARC

LEADER 00000nab a2200000 a 4500
001 vtls001002295
003 SK-MaSNL
005 20260303200852.0
008 040720e19970218xo 0 slo
035 |a RV2895 
040 |a RVGKPD  |b slo  |c RVGKPD  |e AACR2 
041 0 |a slo 
044 |a xo  |c SK 
080 |a 329(437.6)  |2 1981 
100 0 |a (čoj)  |4 aut  |9 1026594 
245 1 0 |a Republiková rada DÚ v Rožňave 
518 |a 12.02.1997 
610 2 7 |a Demokratická únia Slovenska (politická strana)  |2 RVGKPD  |9 58155 
650 0 7 |a snemy mestské  |2 RVGKPD  |9 884406 
651 7 |a Rožňava (Slovensko)  |2 RVGKPD  |9 17394 
773 0 8 |t Zora Gemera  |g Roč. 5, č.7, 18.2.1997, s. 2 
852 |a ZVYKNI  |b KIS3GCP 
999 |c 2170261  |d 2172191